| 000 | 01457nam a22002777a 4500 | ||
|---|---|---|---|
| 003 | OSt | ||
| 005 | 20240228131336.0 | ||
| 008 | 210323b 2018 dr ab 00| 0 eng d | ||
| 020 | _a9789945168860 | ||
| 040 |
_aDO-SdBNP _bspa _cBNPHU |
||
| 082 | _bC733c | ||
| 110 | 1 |
_aComité Dominicano por la Solidaridad Internacional con Haiti, Inc _978241 |
|
| 245 | 1 | 0 |
_aColoquios Duartianos / _cComité Dominicano por la Solidaridad Internacional con Haití, Inc ; editor: Juan Miguel Castillo Pantaleón, Cristina Aguiar Quezada ; diagramación ; Yris Cuevas ; presentación: Armando Armenteros Estrems ; prólogo: Juan Miguel Castillo Pantaleón. |
| 260 |
_aSanto Domingo ; _bComité Dominicano por la Solidaridad, _c2018. |
||
| 300 |
_a109 p. : _bil., mapas ; _c23 cm. |
||
| 500 | _aIncluye referencias bibliográficas y notas al pie de las páginas. | ||
| 500 | _aIncluye datos biográficos de los autores en la solapa de la cubierta. | ||
| 504 | _aBibliografía : p. 104-109 | ||
| 505 | 0 |
_gv. 1 _tDuarte y el proceso conducente a la proclamación de la independencia/ _rLeonardo Conde _tIdentidad nacional : ¿Sentimiento o derecho fundamental?/ _rCristina Aguiar Quezada |
|
| 590 | _aInventariado, 2021 /LP | ||
| 700 | 1 |
_aConde, Leonardo, _d1946- _978242 |
|
| 700 | 1 |
_aAguiar Quezada, Cristina _978244 |
|
| 700 | 1 |
_aCastillo Pantaleón, Juan Miguel, _eprólogo _954034 |
|
| 700 | 1 |
_aArmenteros Estrems, Armando, _epresentación _978245 |
|
| 942 |
_2ddc _cLBS1 |
||
| 999 |
_c49667 _d49667 |
||